000 00539nam a2200169 a 4500
001 BRCA_1295
005 20190320203349.0
008 300508s1985----sp-a---###---#000-0#spa-#
020 _a8439834357
050 4 _aBX4700.T5
_b.C37 1985
100 1 _aCastaldo, Juan Bautista
_94237
245 1 0 _aVida ilustrada de San Cayetano
_cJuan Bautista Castaldo.
260 _aPalma de Mallorca
_bCuria Provincial de los Padres Teatinos
_c1985
300 _a51 p.
_bil.
_c29 cm.
600 1 4 _aTiene, Cayetano
_d1480-1547
_vBiografĂ­a
_94238
942 _2lcc
_cB
999 _c1161
_d1161